wszystkie państwa Nato - Statystyki

Ogólne statystyki
  • Ten quiz został rozwiązany 40 razy
    4 od ostatniego zresetowania
  • Średni wynik to 28 z 32
Statystyki odpowiedzi
Odpowiedź % Poprawnych
Belgia
100%
Bułgaria
100%
Chorwacja
100%
Dania
100%
Estonia
100%
Finlandia
100%
Grecja
100%
Hiszpania
100%
Holandia
100%
Islandia
100%
Kanada
100%
Litwa
100%
Łotwa
100%
Niemcy
100%
Norwegia
100%
Polska
100%
Rumunia
100%
Słowacja
100%
Stany zjednoczone
100%
Szwecja
100%
Węgry
100%
Wielka brytania
100%
Włochy
100%
Albania
67%
Czarnogóra
67%
Czechy
67%
Francja
67%
Portugalia
67%
Słowenia
67%
Turcja
67%
Luksemburg
33%
Macedonia północna
33%
Nie znaleziono quizów pasujących do podanych kryteriów
Rozkład punktacji
Procent ludzi z każdym wynikiem
Percentyl według liczby udzielonych odpowiedzi
Twoja historia wyników
Nie rozwiązałeś tego quizu od ostatniego zresetowania